Design of a sewer network in the municipality of Mužla
Salvato in:
| Autore principale: | |
|---|---|
| Altri autori: | |
| Natura: | Manoscritto Libro |
| Lingua: | slovacco inglese |
| Pubblicazione: |
2025
|
| Soggetti: | |
| Accesso online: | http://is.stuba.sk/zp/portal_zp.pl?podrobnosti=194385 CRZP |
| Tags: |
Nessun Tag, puoi essere il primo ad aggiungerne!!
|
MARC
| LEADER | 00000ntm a22000003a 4500 | ||
|---|---|---|---|
| 001 | stuzp105179 | ||
| 003 | SK-STU | ||
| 005 | 20250801123543.2 | ||
| 007 | ta | ||
| 008 | 150427s2015----xo-----f-mn---000-0-slo-d | ||
| 040 | |a STU |b slo | ||
| 041 | 0 | |a eng | |
| 100 | 1 | |a Vassilenko, Georg |u 010280 |4 aut |U SvF Stavebná fakulta |T SvF Katedra zdravotného inžinierstva |X 122694 |U V280 |Y 29 |7 122694 | |
| 242 | 0 | 1 | |a Návrh kanalizačnej siete v obci Mužla |y slo |
| 245 | 1 | 0 | |a Design of a sewer network in the municipality of Mužla |
| 260 | |c 2025 | ||
| 650 | 4 | |a stoková sieť |2 slo | |
| 650 | 4 | |a návrh |2 slo | |
| 650 | 4 | |a splašková voda |2 slo | |
| 650 | 4 | |a sewer |2 eng | |
| 650 | 4 | |a domestic wastewater |2 eng | |
| 650 | 4 | |a design |2 eng | |
| 700 | 1 | |a Hrudka, Jaroslav |u 010280 |k Z1 |4 ths |U SvF Stavebná fakulta |T SvF Katedra zdravotného inžinierstva |X 50522 |U V280 |Y 29 |7 A000050522 | |
| 856 | 4 | |u http://is.stuba.sk/zp/portal_zp.pl?podrobnosti=194385 | |
| 856 | 4 | |u https://opac.crzp.sk/?fn=detailBiblioForm&sid=4013D2F8FE5692F459CD2D4F6B33 |z CRZP | |